| 000 | 01189cam a22003257i 4500 | ||
|---|---|---|---|
| 001 | 17780446 | ||
| 003 | Nust- CAS-E | ||
| 005 | 20180118181409.0 | ||
| 008 | 130617s2013 flua b 001 0 eng d | ||
| 010 | _a 2012554568 | ||
| 016 | 7 |
_a016199612 _2Uk |
|
| 020 | _a9781439892732 (hardback : acidfree paper) | ||
| 020 | _a1439892733 (hardback : acidfree paper) | ||
| 035 | _a(OCoLC)ocn741542186 | ||
| 040 |
_aBTCTA _beng _cBTCTA _erda _dUKMGB _dYDXCP _dBWX _dVGM _dCDX _dOCLCQ _dNDD _dDLC |
||
| 042 | _alccopycat | ||
| 050 | 0 | 0 |
_aTK7872.D48 _bT36 2013 |
| 082 | 0 | 0 |
_a681.2 _223 _bTAN-E 2013 |
| 100 | 1 |
_aTan, Yen Kheng, _d1978- |
|
| 245 | 1 | 0 |
_aEnergy harvesting autonomous sensor systems : _bdesign, analysis and practical implementation / _cYen Kheng Tan. |
| 300 |
_axii, 242 pages : _billustrations ; _c24 cm |
||
| 500 | _a"K14160"--Page 4 of cover. | ||
| 502 | _a0 | ||
| 504 | _aIncludes bibliographical references (pages 217-227) and index. | ||
| 650 | 0 | _aWireless sensor networks. | |
| 650 | 0 | _aEnergy harvesting. | |
| 906 |
_a7 _bcbc _ccopycat _d2 _encip _f20 _gy-gencatlg |
||
| 942 |
_2ddc _cBK |
||
| 999 |
_c355674 _d355674 |
||